| 000 | 00856nam a22002897a 4500 | ||
|---|---|---|---|
| 003 | CHAP | ||
| 005 | 20220329135548.0 | ||
| 008 | 971013s1951 r 00010 d | ||
| 010 | _a38553 | ||
| 011 | _a39525 | ||
| 035 | _a43646 | ||
| 040 | _cCHAP | ||
| 082 |
_a917.23 _bP3 |
||
| 100 | 0 | 0 |
_aParkinson, Juan F. _985631 |
| 245 | _aGeografía de Nayarit | ||
| 260 |
_aMéxico : _bEl Nacional, _c1951 |
||
| 300 |
_a93 p. _b: ilus. |
||
| 590 |
_aBATCH-UPD _b10 _c20130110 _lUCH01 _h0034 |
||
| 590 |
_aBATCH-UPD _b10 _c20130110 _lUCH01 _h2224 |
||
| 590 |
_aBATCH-UPD _b10 _c20130409 _lUCH01 _h2017 |
||
| 590 |
_aBATCH-UPD _b10 _c20130914 _lUCH01 _h1837 |
||
| 590 |
_aCONVERSION _b10 _c20130109 _lUCH01 _h1321 |
||
| 650 | 1 | 4 |
_aNayarit _xGeografía. _980627 |
| 901 | _aBK | ||
| 942 | _cLIBRO | ||
| 949 |
_a917.23 P3 _bBC _cLIBRO _d33724000128468 _eLIBRO _h25769 _i43646 _mD _si |
||
| 999 |
_c38553 _d38553 |
||